|
|
|
|
| LEADER |
00000nam0a2200000 4500 |
| 001 |
123951 |
| 005 |
20231031130705.0 |
| 020 |
|
|
|a RU
|b 83-40493
|
| 035 |
|
|
|a (RuTPU)RU\TPU\book\134152
|
| 090 |
|
|
|a 123951
|
| 100 |
|
|
|a 20071025d1983 m y0rusy5003 ca
|
| 101 |
0 |
|
|a rus
|
| 102 |
|
|
|a RU
|
| 105 |
|
|
|a a j 001zy
|
| 200 |
1 |
|
|a Конструкции СВЧ устройств и экранов
|e учебное пособие
|f А. М. Чернушенко [и др.]
|
| 210 |
|
|
|a Москва
|c Радио и связь
|d 1983
|
| 215 |
|
|
|a 400 с.
|c ил.
|
| 320 |
|
|
|a Библиогр.: с. 393-395.
|
| 320 |
|
|
|a Предметный указатель: с. 396-397.
|
| 610 |
1 |
|
|a радиоэлектронная аппаратура
|
| 610 |
1 |
|
|a СВЧ
|
| 610 |
1 |
|
|a конструкции
|
| 610 |
1 |
|
|a устройства
|
| 610 |
1 |
|
|a экраны
|
| 610 |
1 |
|
|a цепи
|
| 610 |
1 |
|
|a линии передач
|
| 610 |
1 |
|
|a антенны
|
| 610 |
1 |
|
|a схемы
|
| 610 |
1 |
|
|a конструкции
|
| 610 |
1 |
|
|a учебные пособия
|
| 675 |
|
|
|a 621.396.6.029(075.8)
|v 3
|
| 701 |
|
1 |
|a Чернушенко
|b А. М.
|g Анатолий Максимович
|
| 701 |
|
1 |
|a Меланченко
|b Н. Е.
|g Наталья Евгеньевна
|
| 701 |
|
1 |
|a Малорацкий
|b Л. Г.
|g Лев Германович
|
| 701 |
|
1 |
|a Петров
|b Б. В.
|g Борис Викторович
|
| 702 |
|
1 |
|a Чернушенко
|b А. М.
|g Анатолий Максимович
|4 340
|
| 801 |
|
0 |
|a RU
|b RuMRKP
|c 19950704
|g psbo
|
| 801 |
|
1 |
|a RU
|b 63413507
|c 20071025
|g PSBO
|
| 801 |
|
2 |
|a RU
|b 63413507
|c 20140507
|g PSBO
|
| 942 |
|
|
|c BK
|